000
00239nam a22000857a 4500
008
160705b xxu||||| |||| 00| 0 eng d
100
_9
2288
_a
Kothari, A.K., et al
245
_a
World Famous 101 Great Lives
260
_a
Delhi
_b
Pustak Mahal
_c
2003
999
_c
1970
_d
1970